[Event "March of Kings"]
[Site "Calgary CAN"]
[Date "2013.03.09"]
[Round "2"]
[White "Beddoes, Richard"]
[Black "Scholz, Mike"]
[Result "1-0"]
[WhiteElo "1671"]
[BlackElo "1438"]
[PlyCount "85"]
[GameId "2160767909381370"]
[EventDate "2013.03.09"]
[EventType "swiss"]
[EventRounds "5"]
[EventCountry "CAN"]
[SourceTitle "EXT 2022"]
[Source "ChessBase"]
[SourceDate "2021.10.06"]
[SourceVersion "1"]
[SourceVersionDate "2021.10.06"]
[SourceQuality "1"]

1. e4 Nc6 2. Nf3 d6 3. d4 Bg4 4. Be2 Bxf3 5. Bxf3 e5 6. c3 exd4 7. cxd4 Qd7 8. O-O Be7 9. Bg4 Qd8 10. f4 Nf6 11. Bf3 d5 12. e5 Ne4 13. Bxe4 dxe4 14. Be3 O-O 15. Nc3 f5 16. d5 Nb4 17. d6 cxd6 18. Qb3+ Kh8 19. Qxb4 dxe5 20. Bc5 Bxc5+ 21. Qxc5 Qd4+ 22. Qxd4 exd4 23. Nb5 d3 24. Kf2 Rfc8 25. Rac1 a6 26. Nd6 Rxc1 27. Rxc1 g6 28. Rc8+ Rxc8 29. Nxc8 Kg7 30. Nd6 b6 31. a4 b5 32. axb5 axb5 33. Nxb5 Kf6 34. Ke3 h6 35. Na3 g5 36. g3 gxf4+ 37. gxf4 Ke6 38. Nc4 Kd5 39. Ne5 Kc5 40. Nxd3+ Kc4 41. Ne5+ Kb3 42. Nf7 Kxb2 43. Nxh6 1-0

[Event "March of Kings"]
[Site "Calgary CAN"]
[Date "2013.03.09"]
[Round "2"]
[White "Bogoev, Yassen"]
[Black "Sequillion, Aaron"]
[Result "1/2-1/2"]
[WhiteElo "1840"]
[BlackElo "2124"]
[PlyCount "77"]
[GameId "2160767909381371"]
[EventDate "2013.03.09"]
[EventType "swiss"]
[EventRounds "5"]
[EventCountry "CAN"]
[SourceTitle "EXT 2022"]
[Source "ChessBase"]
[SourceDate "2021.10.06"]
[SourceVersion "1"]
[SourceVersionDate "2021.10.06"]
[SourceQuality "1"]

1. e4 c5 2. Nf3 d6 3. d4 cxd4 4. Nxd4 Nf6 5. Nc3 a6 6. Be3 e5 7. Nb3 Be6 8. Be2 b5 9. O-O Nbd7 10. f4 b4 11. Nd5 Bxd5 12. exd5 Nb6 13. Bxb6 Qxb6+ 14. Kh1 Be7 15. Bf3 Rc8 16. Re1 O-O 17. fxe5 dxe5 18. Rxe5 Bd6 19. Re2 Rc4 20. g3 h5 21. Nd2 Rd4 22. c3 Rd3 23. Qb1 Rxf3 24. Nxf3 Nxd5 25. Qd3 Nf6 26. Rd1 Bc5 27. cxb4 Qxb4 28. a3 Qb7 29. h3 Ba7 30. Qf5 Bb8 31. g4 hxg4 32. hxg4 Qc6 33. Rc2 Qa4 34. Rd4 Qe8 35. Kg2 Qe3 36. Rcd2 Bc7 37. R4d3 Qb6 38. Re2 g6 39. Qg5 1/2-1/2

[Event "March of Kings"]
[Site "Calgary CAN"]
[Date "2013.03.09"]
[Round "2"]
[White "Daniluk, Jim"]
[Black "Persaud, Hemant"]
[Result "1-0"]
[WhiteElo "2048"]
[BlackElo "769"]
[PlyCount "69"]
[GameId "2160767909381372"]
[EventDate "2013.03.09"]
[EventType "swiss"]
[EventRounds "5"]
[EventCountry "CAN"]
[SourceTitle "EXT 2022"]
[Source "ChessBase"]
[SourceDate "2021.10.06"]
[SourceVersion "1"]
[SourceVersionDate "2021.10.06"]
[SourceQuality "1"]

1. d4 Nf6 2. Nf3 g6 3. c4 Bg7 4. g3 O-O 5. Bg2 d6 6. O-O c6 7. Nc3 Nbd7 8. e4 Qc7 9. h3 a6 10. Re1 e5 11. Be3 Ne8 12. Rc1 h6 13. Qd2 Kh7 14. g4 exd4 15. Nxd4 Nc5 16. b4 Ne6 17. Nd5 cxd5 18. cxd5 Qe7 19. dxe6 fxe6 20. e5 Bxe5 21. Bxh6 Rf7 22. Nf3 Rxf3 23. Bxf3 Qh4 24. Bg5 Qxh3 25. Rxe5 dxe5 26. Qe2 Bd7 27. Bxb7 Rb8 28. Bg2 Qa3 29. Qxe5 Rb5 30. Qh2+ Kg8 31. Qh6 Qxb4 32. Qxg6+ Ng7 33. Bf6 Qf8 34. Rc7 Qf7 35. Qxg7+ 1-0

[Event "March of Kings"]
[Site "Calgary CAN"]
[Date "2013.03.09"]
[Round "2"]
[White "Dave, Bhavik"]
[Black "Wilson, Robert"]
[Result "1-0"]
[WhiteElo "1531"]
[BlackElo "1406"]
[PlyCount "69"]
[GameId "2160767909381373"]
[EventDate "2013.03.09"]
[EventType "swiss"]
[EventRounds "5"]
[EventCountry "CAN"]
[SourceTitle "EXT 2022"]
[Source "ChessBase"]
[SourceDate "2021.10.06"]
[SourceVersion "1"]
[SourceVersionDate "2021.10.06"]
[SourceQuality "1"]

1. d4 c6 2. c4 d6 3. Nc3 g6 4. e4 Bg7 5. f4 Nd7 6. Nf3 Qc7 7. Be3 e5 8. fxe5 dxe5 9. d5 cxd5 10. Nxd5 Qa5+ 11. Bd2 Qc5 12. b4 Qd6 13. c5 Qb8 14. Bb5 Ngf6 15. Rc1 Nxd5 16. exd5 O-O 17. O-O Nf6 18. Bc3 e4 19. Be5 exf3 20. Bxb8 fxg2 21. Rxf6 Bxf6 22. Bg3 Bh3 23. Be2 h5 24. Bf3 Rfe8 25. Bxg2 Bxg2 26. Kxg2 Re4 27. Qf3 Bb2 28. Qxe4 Bxc1 29. d6 Bg5 30. Bh4 Bxh4 31. Qxh4 Re8 32. d7 Rb8 33. d8=Q+ Rxd8 34. Qxd8+ Kg7 35. Qc7 1-0

[Event "March of Kings"]
[Site "Calgary CAN"]
[Date "2013.03.09"]
[Round "2"]
[White "Gold, Itohan"]
[Black "Ng, Gary"]
[Result "1/2-1/2"]
[WhiteElo "2030"]
[BlackElo "2218"]
[PlyCount "45"]
[GameId "2160767909381374"]
[EventDate "2013.03.09"]
[EventType "swiss"]
[EventRounds "5"]
[EventCountry "CAN"]
[SourceTitle "EXT 2022"]
[Source "ChessBase"]
[SourceDate "2021.10.06"]
[SourceVersion "1"]
[SourceVersionDate "2021.10.06"]
[SourceQuality "1"]

1. e4 b6 2. d4 Bb7 3. Bd3 Nf6 4. f3 c5 5. c3 e6 6. Ne2 Nc6 7. O-O Rc8 8. a3 d6 9. Kh1 Be7 10. Be3 O-O 11. Nd2 cxd4 12. cxd4 e5 13. d5 Nb8 14. Qa4 a6 15. b4 b5 16. Qb3 Nfd7 17. a4 bxa4 18. Rxa4 Nb6 19. Ra5 Bg5 20. f4 exf4 21. Nxf4 Bf6 22. Ne2 Bg5 23. Nf4 1/2-1/2

[Event "March of Kings"]
[Site "Calgary CAN"]
[Date "2013.03.09"]
[Round "2"]
[White "Robichaud, Martin"]
[Black "Zeggelaar, Mike"]
[Result "1-0"]
[WhiteElo "2218"]
[BlackElo "2030"]
[PlyCount "45"]
[GameId "2160767909381375"]
[EventDate "2013.03.09"]
[EventType "swiss"]
[EventRounds "5"]
[EventCountry "CAN"]
[SourceTitle "EXT 2022"]
[Source "ChessBase"]
[SourceDate "2021.10.06"]
[SourceVersion "1"]
[SourceVersionDate "2021.10.06"]
[SourceQuality "1"]

1. e4 c5 2. c3 d5 3. exd5 Qxd5 4. d4 Nf6 5. Nf3 Nc6 6. Be2 Bf5 7. Na3 cxd4 8. Nb5 Rc8 9. Nbxd4 Bg6 10. Qa4 e5 11. Nxc6 bxc6 12. Be3 Bd6 13. Rd1 Qe6 14. Qxa7 Nd5 15. Ng5 Qf5 16. Bd3 Qf6 17. Ne4 Bxe4 18. Bxe4 O-O 19. Bxd5 cxd5 20. Rxd5 Ra8 21. Qb6 Rxa2 22. Rxd6 Ra1+ 23. Rd1 1-0

[Event "March of Kings"]
[Site "Calgary CAN"]
[Date "2013.03.09"]
[Round "2"]
[White "Shi, Diwen"]
[Black "Nguyen, Kim"]
[Result "1-0"]
[WhiteElo "1913"]
[BlackElo "2204"]
[PlyCount "71"]
[GameId "2160767909381376"]
[EventDate "2013.03.09"]
[EventType "swiss"]
[EventRounds "5"]
[EventCountry "CAN"]
[SourceTitle "EXT 2022"]
[Source "ChessBase"]
[SourceDate "2021.10.06"]
[SourceVersion "1"]
[SourceVersionDate "2021.10.06"]
[SourceQuality "1"]

1. e4 c5 2. Nc3 d6 3. f4 Nc6 4. Nf3 e6 5. Bb5 Qc7 6. O-O Nf6 7. d3 Be7 8. Kh1 O-O 9. Bxc6 Qxc6 10. a4 b6 11. Qe1 Re8 12. Bd2 a6 13. Rg1 Bb7 14. g4 Nd7 15. g5 Nf8 16. Qg3 b5 17. b3 b4 18. Ne2 d5 19. e5 d4 20. Raf1 Ng6 21. h4 Bd8 22. h5 Ne7 23. Kh2 Nf5 24. Qh3 Kf8 25. Nh4 g6 26. Ng3 Nxg3 27. Rxg3 Qd7 28. hxg6 fxg6 29. Nxg6+ Kg8 30. Nh4 Qe7 31. Rfg1 Rf8 32. Qg4 Bc6 33. Rh3 Be8 34. g6 h6 35. g7 Rf7 36. Ng6 1-0

[Event "March of Kings"]
[Site "Calgary CAN"]
[Date "2013.03.09"]
[Round "2"]
[White "Sklenka, Steve"]
[Black "Bulga, Tamir"]
[Result "0-1"]
[WhiteElo "1725"]
[BlackElo "1284"]
[PlyCount "66"]
[GameId "2160767909381377"]
[EventDate "2013.03.09"]
[EventType "swiss"]
[EventRounds "5"]
[EventCountry "CAN"]
[SourceTitle "EXT 2022"]
[Source "ChessBase"]
[SourceDate "2021.10.06"]
[SourceVersion "1"]
[SourceVersionDate "2021.10.06"]
[SourceQuality "1"]

1. d4 d5 2. c4 c6 3. Nc3 e6 4. e3 Be7 5. cxd5 cxd5 6. Bd3 Nf6 7. Nf3 O-O 8. O-O Nc6 9. a3 Bd7 10. Re1 Rc8 11. b4 Nxb4 12. axb4 Rxc3 13. b5 Qb6 14. Bb2 Rc7 15. Qe2 Rfc8 16. Ne5 Be8 17. Rec1 Ne4 18. Rxc7 Rxc7 19. Bxe4 dxe4 20. d5 f6 21. Bd4 Qxb5 22. Qxb5 Bxb5 23. Ng4 h5 24. d6 Bxd6 25. Nxf6+ gxf6 26. Bxf6 Ba3 27. h3 Rc1+ 28. Rxc1 Bxc1 29. Bd4 a5 30. g4 hxg4 31. hxg4 a4 32. g5 a3 33. g6 Bb2 0-1

[Event "March of Kings"]
[Site "Calgary CAN"]
[Date "2013.03.09"]
[Round "2"]
[White "Stacey, George"]
[Black "Singh, Anjandeep"]
[Result "0-1"]
[WhiteElo "876"]
[BlackElo "1458"]
[PlyCount "54"]
[GameId "2160767909381378"]
[EventDate "2013.03.09"]
[EventType "swiss"]
[EventRounds "5"]
[EventCountry "CAN"]
[SourceTitle "EXT 2022"]
[Source "ChessBase"]
[SourceDate "2021.10.06"]
[SourceVersion "1"]
[SourceVersionDate "2021.10.06"]
[SourceQuality "1"]

1. d4 g6 2. e4 Bg7 3. Nf3 Nf6 4. Nc3 O-O 5. Bf4 d6 6. h3 Nbd7 7. Bd3 c5 8. dxc5 Nxc5 9. Bc4 Ncxe4 10. Nxe4 Nxe4 11. Rb1 Bd7 12. Bd3 Bc6 13. O-O Nc5 14. c3 e5 15. Bxe5 dxe5 16. Bc2 Qxd1 17. Rbxd1 Rad8 18. Rfe1 Rxd1 19. Rxd1 Na4 20. Bxa4 Bxa4 21. b3 Bc6 22. Re1 e4 23. Nd4 Bxd4 24. cxd4 Rd8 25. Rd1 Bb5 26. Rc1 Rxd4 27. Rc8+ Kg7 0-1

[Event "March of Kings"]
[Site "Calgary CAN"]
[Date "2013.03.09"]
[Round "3"]
[White "Kazmaier, Daniel"]
[Black "Pedersen, Rick"]
[Result "1-0"]
[WhiteElo "2285"]
[BlackElo "1935"]
[PlyCount "65"]
[GameId "2160767909381379"]
[EventDate "2013.03.09"]
[EventType "swiss"]
[EventRounds "5"]
[EventCountry "CAN"]
[SourceTitle "EXT 2022"]
[Source "ChessBase"]
[SourceDate "2021.10.06"]
[SourceVersion "1"]
[SourceVersionDate "2021.10.06"]
[SourceQuality "1"]

1. d4 g6 2. Nf3 Bg7 3. e4 d6 4. Nc3 Nf6 5. Bg5 h6 6. Bh4 O-O 7. Be2 Nc6 8. d5 Nb8 9. O-O c5 10. Nd2 a6 11. a4 g5 12. Bg3 Nxe4 13. Ndxe4 f5 14. f4 fxe4 15. fxg5 hxg5 16. Nxe4 Bxb2 17. Rb1 Bd4+ 18. Kh1 Be3 19. Qd3 Bf4 20. Nxg5 Bf5 21. Ne4 Bh6 22. Rxf5 Rxf5 23. Nxd6 Rg5 24. Nxb7 Qe8 25. Nxc5 Qf7 26. Bxb8 Rxd5 27. Qg3+ Rg5 28. Qf3 Qa2 29. Bc4+ Qxc4 30. Qxa8 Rxc5 31. Bd6+ Rc8 32. Qxc8+ Qxc8 33. Rb8 1-0

[Event "March of Kings"]
[Site "Calgary CAN"]
[Date "2013.03.09"]
[Round "3"]
[White "Ng, Gary"]
[Black "Shi, Diwen"]
[Result "1/2-1/2"]
[WhiteElo "2218"]
[BlackElo "1913"]
[PlyCount "80"]
[GameId "2160767909381380"]
[EventDate "2013.03.09"]
[EventType "swiss"]
[EventRounds "5"]
[EventCountry "CAN"]
[SourceTitle "EXT 2022"]
[Source "ChessBase"]
[SourceDate "2021.10.06"]
[SourceVersion "1"]
[SourceVersionDate "2021.10.06"]
[SourceQuality "1"]

1. b4 Nf6 2. Bb2 g6 3. Bxf6 exf6 4. a3 d5 5. d4 Bd6 6. e3 Nd7 7. c4 dxc4 8. Bxc4 O-O 9. Nc3 c6 10. Nf3 Qe7 11. Qc1 f5 12. b5 Nf6 13. bxc6 bxc6 14. O-O Be6 15. Bxe6 Qxe6 16. Na4 Ne4 17. Qc2 Rac8 18. Nc5 Bxc5 19. dxc5 Qd5 20. Rac1 Rfd8 21. Rfd1 Qxc5 22. Rxd8+ Rxd8 23. Qxc5 Nxc5 24. Nd4 Ne6 25. Nxc6 Rd7 26. Ne5 Rd5 27. Nc6 Rd7 28. Kf1 Rc7 29. Rc2 Kf8 30. Ke2 f4 31. Kd3 fxe3 32. fxe3 Ke8 33. Ke4 Nd8 34. Kd5 Rd7+ 35. Kc5 Rc7 36. Kb5 Rb7+ 37. Ka5 Nxc6+ 38. Rxc6 Rb3 39. a4 Rxe3 40. Ka6 Re6 1/2-1/2

[Event "March of Kings"]
[Site "Calgary CAN"]
[Date "2013.03.09"]
[Round "3"]
[White "Shi, Diwen"]
[Black "Robichaud, Martin"]
[Result "1/2-1/2"]
[WhiteElo "1913"]
[BlackElo "2206"]
[PlyCount "53"]
[GameId "2160767909381381"]
[EventDate "2013.03.09"]
[EventType "swiss"]
[EventRounds "5"]
[EventCountry "CAN"]
[SourceTitle "EXT 2022"]
[Source "ChessBase"]
[SourceDate "2021.10.06"]
[SourceVersion "1"]
[SourceVersionDate "2021.10.06"]
[SourceQuality "1"]

1. e4 e5 2. Nf3 Nc6 3. d4 exd4 4. Nxd4 Qh4 5. Nc3 Bb4 6. Be2 Qxe4 7. Ndb5 Bxc3+ 8. bxc3 Kd8 9. O-O a6 10. Nd4 Nxd4 11. cxd4 Ne7 12. Bf3 Qf5 13. Re1 Re8 14. Re5 Qf6 15. Bg5 Qd6 16. c4 Qa3 17. Qd2 f6 18. Ra5 Qd6 19. Bf4 Qb6 20. c5 Qa7 21. d5 Ng6 22. Be3 b6 23. cxb6 cxb6 24. d6 Bb7 25. Bxb7 Qxb7 26. Rb1 b5 27. Rbxb5 1/2-1/2

[Event "March of Kings"]
[Site "Calgary CAN"]
[Date "2013.03.09"]
[Round "3"]
[White "Willie, Joshua"]
[Black "Zeggelaar, Mike"]
[Result "1/2-1/2"]
[WhiteElo "1624"]
[BlackElo "1991"]
[PlyCount "54"]
[GameId "2160767909381382"]
[EventDate "2013.03.09"]
[EventType "swiss"]
[EventRounds "5"]
[EventCountry "CAN"]
[SourceTitle "EXT 2022"]
[Source "ChessBase"]
[SourceDate "2021.10.06"]
[SourceVersion "1"]
[SourceVersionDate "2021.10.06"]
[SourceQuality "1"]

1. e4 e6 2. d4 d5 3. Nc3 Nf6 4. exd5 exd5 5. Nf3 c5 6. Bb5+ Nc6 7. Ne5 Bd7 8. Nxd7 Qxd7 9. Bxc6 bxc6 10. Qe2+ Be7 11. Be3 cxd4 12. Bxd4 O-O 13. O-O c5 14. Be5 Rfe8 15. Qf3 Qg4 16. Qxg4 Nxg4 17. Nxd5 Nxe5 18. Nc7 Bf6 19. Nxa8 Rxa8 20. Rad1 Kf8 21. Rd5 c4 22. Rfd1 Rb8 23. b3 cxb3 24. cxb3 Ke8 25. Re1 Kf8 26. Rexe5 Bxe5 27. Rxe5 Rc8 1/2-1/2

[Event "March of Kings"]
[Site "Calgary CAN"]
[Date "2013.03.10"]
[Round "3"]
[White "Ng, Gary"]
[Black "Bogoev, Yassen"]
[Result "1-0"]
[WhiteElo "2218"]
[BlackElo "1840"]
[PlyCount "49"]
[GameId "2160767909381384"]
[EventDate "2013.03.09"]
[EventType "swiss"]
[EventRounds "5"]
[EventCountry "CAN"]
[SourceTitle "EXT 2022"]
[Source "ChessBase"]
[SourceDate "2021.10.06"]
[SourceVersion "1"]
[SourceVersionDate "2021.10.06"]
[SourceQuality "1"]

1. b4 e5 2. Bb2 f6 3. e4 Bxb4 4. Bc4 Ne7 5. a3 Ba5 6. Qh5+ g6 7. Qh4 Nec6 8. Ne2 Qe7 9. Nbc3 Rf8 10. Nd5 Qg7 11. f4 Ne7 12. O-O-O Nxd5 13. Bxd5 d6 14. d4 exf4 15. Nxf4 Nc6 16. e5 Bd7 17. Ne6 Bxe6 18. Bxe6 Qe7 19. d5 fxe5 20. Qa4 Rb8 21. dxc6 Qxe6 22. Qxa5 Qc8 23. Bxe5 dxe5 24. Qxe5+ Kf7 25. Rd7+ 1-0

[Event "March of Kings"]
[Site "Calgary CAN"]
[Date "2013.03.10"]
[Round "3"]
[White "Sequillion, Aaron"]
[Black "Beddoes, Richard"]
[Result "1-0"]
[WhiteElo "2124"]
[BlackElo "1671"]
[PlyCount "59"]
[GameId "2160767909381385"]
[EventDate "2013.03.09"]
[EventType "swiss"]
[EventRounds "5"]
[EventCountry "CAN"]
[SourceTitle "EXT 2022"]
[Source "ChessBase"]
[SourceDate "2021.10.06"]
[SourceVersion "1"]
[SourceVersionDate "2021.10.06"]
[SourceQuality "1"]

1. e4 c5 2. Nf3 Nc6 3. d4 cxd4 4. Nxd4 Nf6 5. Nc3 e5 6. Ndb5 d6 7. Bg5 a6 8. Na3 b5 9. Nd5 Be7 10. Bxf6 Bxf6 11. c4 b4 12. Nc2 a5 13. Be2 Bg5 14. O-O O-O 15. Bg4 Be6 16. b3 Nd4 17. Nxd4 Bxd5 18. cxd5 exd4 19. f4 Bf6 20. Qd3 Re8 21. Rae1 Ra7 22. Rc1 Rc7 23. Rc6 Rxc6 24. dxc6 Qc7 25. Bd7 Rb8 26. Qc4 g6 27. Qd5 Rd8 28. e5 dxe5 29. fxe5 Bg7 30. Qd6 1-0

[Event "March of Kings"]
[Site "Calgary CAN"]
[Date "2013.03.10"]
[Round "3"]
[White "Willie, Joshua"]
[Black "Dave, Bhavik"]
[Result "1/2-1/2"]
[WhiteElo "1624"]
[BlackElo "1531"]
[PlyCount "62"]
[GameId "2160767909381386"]
[EventDate "2013.03.09"]
[EventType "swiss"]
[EventRounds "5"]
[EventCountry "CAN"]
[SourceTitle "EXT 2022"]
[Source "ChessBase"]
[SourceDate "2021.10.06"]
[SourceVersion "1"]
[SourceVersionDate "2021.10.06"]
[SourceQuality "1"]

1. e4 e5 2. Nc3 Nc6 3. Nf3 Bc5 4. Be2 Nge7 5. O-O O-O 6. Nxe5 Nxe5 7. d4 Bxd4 8. Qxd4 N7c6 9. Qd2 f6 10. f4 Nf7 11. Rf3 d6 12. b3 Bg4 13. Rg3 Bxe2 14. Qxe2 Qd7 15. Bb2 Ne7 16. f5 Ne5 17. Rf1 Rf7 18. Rff3 g5 19. fxg6 N5xg6 20. Nd5 Nxd5 21. exd5 Re8 22. Re3 Kf8 23. Rxe8+ Qxe8 24. Qd2 Qe4 25. Qh6+ Kg8 26. Re3 Qxd5 27. h3 Qg5 28. Re8+ Rf8 29. Rxf8+ Nxf8 30. Qxf6 Qxf6 31. Bxf6 Kf7 1/2-1/2

[Event "March of Kings"]
[Site "Calgary CAN"]
[Date "2013.03.10"]
[Round "4"]
[White "Bulga, Tamir"]
[Black "Milne, Arthur"]
[Result "1-0"]
[WhiteElo "1284"]
[BlackElo "1686"]
[PlyCount "46"]
[GameId "2160767909381387"]
[EventDate "2013.03.09"]
[EventType "swiss"]
[EventRounds "5"]
[EventCountry "CAN"]
[SourceTitle "EXT 2022"]
[Source "ChessBase"]
[SourceDate "2021.10.06"]
[SourceVersion "1"]
[SourceVersionDate "2021.10.06"]
[SourceQuality "1"]

1. e4 Nc6 2. d4 e5 3. Nf3 exd4 4. Nxd4 Qh4 5. Nc3 Bb4 6. Qd3 Nf6 7. Nxc6 dxc6 8. Bd2 O-O 9. g3 Qh5 10. Be2 Qg6 11. f3 Bh3 12. O-O-O Rad8 13. Qe3 b6 14. Bd3 Qh5 15. g4 Qa5 16. a3 Bc5 17. Qe1 Bg2 18. Nd5 Qa4 19. Nxf6+ gxf6 20. e5 Bxh1 21. Bxh7+ Kxh7 22. Qh4+ Kg7 23. exf6+ Kg8 1-0

[Event "March of Kings"]
[Site "Calgary CAN"]
[Date "2013.03.10"]
[Round "4"]
[White "Daniluk, Jim"]
[Black "Ng, Gary"]
[Result "0-1"]
[WhiteElo "2048"]
[BlackElo "2218"]
[PlyCount "36"]
[GameId "2160767909381388"]
[EventDate "2013.03.09"]
[EventType "swiss"]
[EventRounds "5"]
[EventCountry "CAN"]
[SourceTitle "EXT 2022"]
[Source "ChessBase"]
[SourceDate "2021.10.06"]
[SourceVersion "1"]
[SourceVersionDate "2021.10.06"]
[SourceQuality "1"]

1. d4 Nf6 2. Nf3 b5 3. g3 Bb7 4. Bg2 e6 5. O-O c5 6. c4 bxc4 7. Na3 d5 8. Ne5 Qb6 9. Be3 Nbd7 10. Qa4 cxd4 11. Naxc4 dxc4 12. Bxd4 Qc7 13. Nxd7 Nxd7 14. Be5 Qc8 15. Rfd1 Bxg2 16. Kxg2 a6 17. Rd4 Qb7+ 18. Kg1 Qb5 0-1

[Event "March of Kings"]
[Site "Calgary CAN"]
[Date "2013.03.10"]
[Round "4"]
[White "Gold, Itohan"]
[Black "Kazmaier, Daniel"]
[Result "0-1"]
[WhiteElo "2030"]
[BlackElo "2285"]
[PlyCount "114"]
[GameId "2160767909381389"]
[EventDate "2013.03.09"]
[EventType "swiss"]
[EventRounds "5"]
[EventCountry "CAN"]
[SourceTitle "EXT 2022"]
[Source "ChessBase"]
[SourceDate "2021.10.06"]
[SourceVersion "1"]
[SourceVersionDate "2021.10.06"]
[SourceQuality "1"]

1. e4 c5 2. Nf3 Nc6 3. d4 cxd4 4. Nxd4 Nf6 5. Nc3 e6 6. Ndb5 d6 7. Bf4 e5 8. Bg5 a6 9. Na3 Be7 10. Be2 b5 11. Bxf6 Bxf6 12. Nd5 Bg5 13. c3 O-O 14. O-O Ne7 15. Nxe7+ Qxe7 16. c4 b4 17. Nc2 a5 18. Qd3 f5 19. Rad1 Ra6 20. f3 Kh8 21. Kh1 Qa7 22. b3 Qc5 23. Qd5 Rc6 24. Qxc5 dxc5 25. exf5 Bxf5 26. Bd3 Bxd3 27. Rxd3 e4 28. Rd5 h6 29. Re5 exf3 30. Rxf3 Rxf3 31. gxf3 Rd6 32. Re2 Kg8 33. Kg2 Bf4 34. Kh3 h5 35. Ne1 Rd1 36. Ng2 Bd6 37. Ne3 Rd3 38. Kg2 Kf7 39. Nd5 Rd4 40. h3 g5 41. Kf2 Rd1 42. Kg2 Rd4 43. Kf2 Rd3 44. Kg2 Rd1 45. Ne3 Rc1 46. Nf5 Bf4 47. Ng3 Bxg3 48. Kxg3 Kf6 49. Rd2 h4+ 50. Kg4 Rg1+ 51. Kh5 Rg3 52. f4 gxf4 53. Kxh4 Rg8 54. Rd5 Ke6 55. Kh5 Rg1 56. Rxc5 f3 57. Rc6+ Ke5 0-1

[Event "March of Kings"]
[Site "Calgary CAN"]
[Date "2013.03.10"]
[Round "4"]
[White "Persaud, Hemant"]
[Black "Nguyen, Kim"]
[Result "0-1"]
[WhiteElo "1769"]
[BlackElo "2204"]
[PlyCount "60"]
[GameId "2160767909381390"]
[EventDate "2013.03.09"]
[EventType "swiss"]
[EventRounds "5"]
[EventCountry "CAN"]
[SourceTitle "EXT 2022"]
[Source "ChessBase"]
[SourceDate "2021.10.06"]
[SourceVersion "1"]
[SourceVersionDate "2021.10.06"]
[SourceQuality "1"]

1. e4 c5 2. Nf3 d6 3. d4 cxd4 4. Nxd4 Nf6 5. Nc3 a6 6. Bc4 e6 7. Bb3 Nbd7 8. O-O Nc5 9. Qf3 Be7 10. Bg5 Qa5 11. Be3 O-O 12. Rfe1 Nxb3 13. axb3 Qh5 14. Qxh5 Nxh5 15. Ra5 Nf6 16. f4 Ng4 17. Rh5 Nxe3 18. Rxe3 g6 19. Rg3 Bd8 20. Kh1 Bb6 21. Nf3 Bf2 22. Rg4 f5 23. exf5 exf5 24. Rgg5 Kg7 25. Nh4 Bd7 26. Nd5 Rae8 27. g3 Bc6 28. g4 fxg4 29. Rxg4 Re1+ 30. Kg2 Rg1+ 0-1

[Event "March of Kings"]
[Site "Calgary CAN"]
[Date "2013.03.10"]
[Round "4"]
[White "Robichaud, Martin"]
[Black "Sequillion, Aaron"]
[Result "1-0"]
[WhiteElo "2206"]
[BlackElo "2124"]
[PlyCount "67"]
[GameId "2160767909381391"]
[EventDate "2013.03.09"]
[EventType "swiss"]
[EventRounds "5"]
[EventCountry "CAN"]
[SourceTitle "EXT 2022"]
[Source "ChessBase"]
[SourceDate "2021.10.06"]
[SourceVersion "1"]
[SourceVersionDate "2021.10.06"]
[SourceQuality "1"]

1. e4 c5 2. c3 Nf6 3. e5 Nd5 4. d4 cxd4 5. Nf3 Nc6 6. cxd4 e6 7. Bd3 d6 8. O-O Be7 9. exd6 Qxd6 10. Nc3 O-O 11. Ne4 Qc7 12. Bd2 Nf6 13. Rc1 Qb6 14. Bc3 Nb4 15. Nxf6+ Bxf6 16. Bb1 Rd8 17. Qe2 g6 18. Ne5 Qa6 19. Qf3 Bxe5 20. dxe5 Nxa2 21. Qf6 Rd7 22. Bxa2 Qxa2 23. h4 Qa4 24. h5 gxh5 25. Qg5+ Kh8 26. Qf6+ Kg8 27. Bd2 Qg4 28. Bh6 Qg6 29. Qf4 Rd3 30. Rfd1 Bd7 31. Rxd3 Qxd3 32. Rc3 Qb1+ 33. Kh2 f5 34. Qg3+ 1-0

[Event "March of Kings"]
[Site "Calgary CAN"]
[Date "2013.03.10"]
[Round "4"]
[White "Sequillion, Aaron"]
[Black "Gold, Itohan"]
[Result "0-1"]
[WhiteElo "2124"]
[BlackElo "2030"]
[PlyCount "80"]
[GameId "2160767909381392"]
[EventDate "2013.03.09"]
[EventType "swiss"]
[EventRounds "5"]
[EventCountry "CAN"]
[SourceTitle "EXT 2022"]
[Source "ChessBase"]
[SourceDate "2021.10.06"]
[SourceVersion "1"]
[SourceVersionDate "2021.10.06"]
[SourceQuality "1"]

1. e4 Nf6 2. e5 Nd5 3. d4 d6 4. c4 Nb6 5. exd6 cxd6 6. Be3 g6 7. Nc3 Bg7 8. Qd2 Nc6 9. Rc1 O-O 10. b3 Re8 11. Nge2 e5 12. dxe5 dxe5 13. Qxd8 Rxd8 14. c5 Nb4 15. Ng3 N6d5 16. Nxd5 Nxd5 17. Ne4 Nxe3 18. fxe3 Bh6 19. Rc3 Be6 20. g4 Bd5 21. Nf6+ Kg7 22. Nxd5 Rxd5 23. Bg2 Rd7 24. O-O Rad8 25. Be4 Bg5 26. b4 Rc7 27. Rf2 Bh4 28. Rfc2 Be1 29. Rb3 Rd1 30. Kg2 Kf6 31. Bf3 Rdd7 32. Kf1 Bh4 33. b5 Ke6 34. Ke2 f5 35. gxf5+ gxf5 36. Bxb7 Rxb7 37. c6 Rbc7 38. cxd7 Rxc2+ 39. Kd1 Rxa2 40. Rd3 Bd8 0-1

[Event "March of Kings"]
[Site "Calgary CAN"]
[Date "2013.03.10"]
[Round "4"]
[White "Sklenka, Steve"]
[Black "Willie, Joshua"]
[Result "0-1"]
[WhiteElo "1725"]
[BlackElo "1624"]
[PlyCount "51"]
[GameId "2160767909381393"]
[EventDate "2013.03.09"]
[EventType "swiss"]
[EventRounds "5"]
[EventCountry "CAN"]
[SourceTitle "EXT 2022"]
[Source "ChessBase"]
[SourceDate "2021.10.06"]
[SourceVersion "1"]
[SourceVersionDate "2021.10.06"]
[SourceQuality "1"]

1. e4 e5 2. Nf3 Nc6 3. Bb5 d6 4. h3 Nf6 5. O-O Be7 6. Re1 O-O 7. c3 a6 8. Ba4 h6 9. d4 Nh7 10. Bb3 Kh8 11. Nbd2 f5 12. dxe5 fxe4 13. exd6 Qxd6 14. Nxe4 Qg6 15. Ng3 Bd6 16. Bc2 Qf7 17. Qd3 Nf6 18. Bb3 Qd7 19. Nh4 g5 20. Ng6+ Kg7 21. Nxf8 Kxf8 22. Qg6 Qg7 23. Qxg7+ Kxg7 24. Bc2 Bd7 25. Nf5+ Bxf5 26. Bxf5 0-1